000 00845nam a2200301Ia 4500
003 OSt
005 20221007114158.0
006 a|||||r|||| 00| 0
007 ta
008 221006b |||||||| |||| 00| 0 eng d
024 _a33,201
037 _cBound Volume
040 _aLCO
_cLCO
_beng
041 _2eng
_aeng
082 _aZm2, P4
100 _aAIR
_9709280
245 0 _aThe AIR Manual (Civil and Criminal)
250 _a6th
260 _aNagpur
_bAll India Reporter Pvt.Ltd. India
_c2004
300 _aVarious
490 _vVol-114
650 _a BUILDING AND CHARITABLE ENDOWNMENTS
_9709281
650 _a CHARTERED ACCOUNTANTS
_9709282
650 _a INTERNATION INVESTMENT DISPUTES
_9709283
650 _aARBITIRATION
_9709284
942 _hZm2, P4
_cCR
999 _c1202764
_d1202764